[Event "?"]
[Site "ICS Rated Blitz match, 164.58"]
[Date "1997.??.??"]
[Round "?"]
[White "Brause"]
[Black "oldtimer"]
[Result "0-1"]
[WhiteElo "2310"]
[BlackElo "2215"]
[PlyCount "272"]

1. e4 e5 2. Nf3 Nc6 3. Nc3 Nf6 4. Nxe5 Nxe5 5. d4 Ng6 6. e5 Ng8 7. Bc4 d5 8.
Bxd5 c6 9. Be4 f5 10. Bf3 Bb4 11. O-O N8e7 12. Ne2 Be6 13. c3 Ba5 14. Nf4 Nxf4
15. Bxf4 O-O 16. Bg5 h6 17. Bd2 Bb6 18. g3 Qc7 19. Bg2 c5 20. dxc5 Bxc5 21. b4
Bb6 22. Re1 Rad8 23. Qc1 Kh7 24. a4 a6 25. a5 Ba7 26. Bf3 Bd5 27. Bxd5 Rxd5 28.
Re2 Qc4 29. Qe1 Re8 30. Kh1 Ng6 31. f4 Qc6 32. Rg2 Red8 33. Ra2 Rd3 34. Qe2 Qf3
35. Qxf3 Rxf3 36. Re2 Nf8 37. Kg2 Rfd3 38. g4 g6 39. gxf5 gxf5 40. c4 Ne6 41.
c5 Rg8+ 42. Kf1 Rg4 43. Rf2 Rd4 44. h3 Rh4 45. Rf3 Nxf4 46. e6 Kg6 47. Rg3+ Kh7
48. Rf3 Nxe6 49. Rxf5 Kg6 50. Re5 Rhe4 51. Rxe4 Rxe4 52. Ra3 Bb8 53. Rd3 Nd4
54. Re3 Rxe3 55. Bxe3 Nc6 56. Bd2 h5 57. Ke2 Kf5 58. Kd3 Ne5+ 59. Kc3 Ke4 60.
Bh6 Nc6 61. Bd2 Kd5 62. Be1 Be5+ 63. Kd3 Bd4 64. h4 Ne5+ 65. Ke2 Ke4 66. Kd1
Kd3 67. Bg3 Nc6 68. Be1 Bf6 69. Kc1 Ke2 70. Bg3 Nxb4 71. Kb1 Kd1 72. Bc7 Bxh4
73. Kb2 Nd3+ 74. Kc3 Nxc5 75. Kc4 Ne6 76. Bd6 Bd8 77. Kd5 Nc7+ 78. Ke4 Nb5 79.
Bb4 Ke2 80. Kf5 Nd4+ 81. Kf4 Nc6 82. Bc5 Nxa5 83. Kf5 Nb3 84. Bd6 Nd4+ 85. Ke4
Bf6 86. Ba3 Nb5 87. Bc5 a5 88. Kf5 Bc3 89. Ke6 h4 90. Bg1 a4 91. Kf5 Kf3 92.
Kg6 h3 93. Bh2 a3 94. Kf7 a2 95. Bg1 a1=N 96. Bh2 Kg2 97. Bb8 h2 98. Bxh2 Kxh2
99. Ke6 Ba5 100. Ke5 Na7 101. Ke6 Kg3 102. Kf5 Kf3 103. Ke5 Ke3 104. Ke6 Ke4
105. Kf6 Bc7 106. Ke7 Nc2 107. Kf7 Kf5 108. Ke7 Nd4 109. Kd7 Be5 110. Ke7 b5
111. Ke8 b4 112. Kd7 Ndc6 113. Ke8 b3 114. Kf8 Nc8 115. Kg8 Nd6 116. Kh7 Bf4
117. Kg7 b2 118. Kh7 b1=N 119. Kg7 Nc3 120. Kh7 Kf6 121. Kg8 Kg6 122. Kf8 Nd5
123. Kg8 Bh6 124. Kh8 Nd4 125. Kg8 Ne6 126. Kh8 Bf4 127. Kg8 Kh6 128. Kh8 Nc4
129. Kg8 Ne5 130. Kh8 Bg5 131. Kg8 Bh4 132. Kh8 Bf6+ 133. Kg8 Be7 134. Kh8 Bd6
135. Kg8 Nf6+ 136. Kh8 Ng6# 0-1

[Event "?"]
[Site "ICS Rated Blitz match, 164.58"]
[Date "1997.??.??"]
[Round "?"]
[White "Brause"]
[Black "orla"]
[Result "1-0"]
[WhiteElo "2295"]
[BlackElo "2540"]
[PlyCount "57"]

1. e4 e5 2. Nf3 Nf6 3. Nc3 Nc6 4. Nxe5 Nxe5 5. d4 Ng6 6. e5 Ng8 7. Bc4 Qe7 8.
Nd5 Qh4 9. Nxc7+ Kd8 10. Nxa8 Qe4+ 11. Be2 Qxg2 12. Bf3 Qh3 13. Be4 f5 14. Qf3
Qxf3 15. Bxf3 b6 16. Bd2 N8e7 17. Rg1 Nc6 18. Bg5+ Be7 19. Bxe7+ Kxe7 20. O-O-O
Nb4 21. c3 Nf4 22. cxb4 Bb7 23. Bxb7 Ne2+ 24. Kc2 Nxg1 25. Rxg1 f4 26. Rxg7+
Ke6 27. Kd3 Kf5 28. Be4+ Ke6 29. Nc7# 1-0

[Event "?"]
[Site "ICS Rated Blitz match, 164.58"]
[Date "1997.??.??"]
[Round "?"]
[White "Brause"]
[Black "oldtimer"]
[Result "0-1"]
[WhiteElo "2335"]
[BlackElo "2215"]
[PlyCount "86"]

1. e4 e5 2. Nf3 Nc6 3. Nc3 Nf6 4. Nxe5 Nxe5 5. d4 Ng6 6. e5 Ng8 7. Bc4 d5 8.
Bxd5 c6 9. Be4 f5 10. Bf3 Bb4 11. O-O Bxc3 12. bxc3 Be6 13. Rb1 Qd7 14. a4 N8e7
15. Ba3 O-O 16. Re1 Rfe8 17. Qc1 Bc4 18. Qb2 b6 19. Bd6 Qe6 20. Rbd1 Nd5 21. g3
Nge7 22. a5 b5 23. Bh5 g6 24. Bf3 a6 25. Bc5 Rf8 26. h3 Rf7 27. h4 f4 28. g4 h5
29. gxh5 gxh5 30. Kh2 Kh8 31. Rg1 Rg8 32. Rxg8+ Kxg8 33. Bxh5 Rg7 34. Rg1 Rxg1
35. Kxg1 Qh6 36. Bf3 Qxh4 37. Bd6 Nf5 38. Bc5 Qg5+ 39. Kh2 Nh4 40. Bh1 Ne3 41.
Bxc6 Ng4+ 42. Kh3 Nxf2+ 43. Kh2 Qg3# 0-1

[Event "?"]
[Site "ICS Rated Blitz match, 164.58"]
[Date "1997.??.??"]
[Round "?"]
[White "Brause"]
[Black "decaxp"]
[Result "0-1"]
[WhiteElo "2315"]
[BlackElo "2485"]
[PlyCount "98"]

1. e4 e5 2. Nf3 Nf6 3. Nc3 Nc6 4. Nxe5 Nxe5 5. d4 Nc6 6. d5 Ne5 7. f4 Ng6 8. e5
Ng8 9. d6 a6 10. h4 cxd6 11. exd6 Qf6 12. Qe2+ Qe6 13. h5 Bxd6 14. hxg6 fxg6
15. Bd2 Nf6 16. O-O-O O-O 17. Qf3 Bb4 18. a3 Ba5 19. Re1 Qf7 20. Re5 d5 21. Bd3
Bg4 22. Qe3 Rae8 23. Qd4 Bxc3 24. Bxc3 Rxe5 25. fxe5 Ne4 26. Kb1 Nxc3+ 27. Qxc3
Qf2 28. Rf1 Qb6 29. Rxf8+ Kxf8 30. Qd2 Be6 31. Qf4+ Kg8 32. Qb4 Qxb4 33. axb4
Bf5 34. Be2 Kf7 35. b5 axb5 36. Bxb5 Ke6 37. Kc1 Kxe5 38. g3 Ke4 39. Be2 Ke3
40. Bb5 Kf2 41. c4 d4 42. Kd2 Kxg3 43. c5 Be4 44. b4 h5 45. Bd3 Bd5 46. b5 h4
47. c6 bxc6 48. b6 c5 49. Ba6 h3 0-1

[Event "?"]
[Site "ICS Rated Blitz match, 164.58"]
[Date "1997.??.??"]
[Round "?"]
[White "Brause"]
[Black "BauttuaB"]
[Result "0-1"]
[WhiteElo "2320"]
[BlackElo "2215"]
[PlyCount "202"]

1. e4 e5 2. Nf3 Nc6 3. Nc3 Nf6 4. Nxe5 Nxe5 5. d4 Ng6 6. e5 Ng8 7. Bc4 d5 8.
Bxd5 c6 9. Bf3 Bb4 10. O-O Bxc3 11. bxc3 N8e7 12. Be4 O-O 13. Bg5 f6 14. exf6
gxf6 15. Bh6 Rf7 16. Qf3 Be6 17. Rfe1 Bd5 18. Rab1 b5 19. a4 a6 20. axb5 axb5
21. Ra1 Rxa1 22. Rxa1 Bxe4 23. Qxe4 Nd5 24. Qf3 Re7 25. h3 Qe8 26. Kf1 Re4 27.
Qd3 Ngf4 28. Qg3+ Ng6 29. Rc1 Ndf4 30. Rd1 Kf7 31. f3 Ne2 32. Qc7+ Re7 33. Qa5
Nef4 34. Qa2+ Nd5 35. Qb3 Qd7 36. Kg1 Qe6 37. Kh1 Ngf4 38. Ra1 Nxh3 39. c4 bxc4
40. Qxc4 Nhf4 41. Qb3 Kg6 42. Bxf4 Nxf4 43. Qxe6 Rxe6 44. Ra5 h5 45. c4 h4 46.
Ra8 Ne2 47. Rd8 Kg5 48. Kh2 Nf4 49. d5 cxd5 50. cxd5 Re2 51. Kh1 Kf5 52. Rg8
Rd2 53. Rg4 Ng6 54. Kg1 Rxd5 55. Kh2 Rd2 56. Kg1 Rd8 57. Kh2 Rd2 58. Kg1 Ra2
59. Kh1 Ra8 60. Rb4 Kg5 61. Rg4+ Kh5 62. Kh2 f5 63. Rd4 Kg5 64. Rd2 Ra5 65. Kg1
Ra6 66. Kf2 Nf4 67. Ke3 Re6+ 68. Kf2 Nh5 69. Rb2 Rd6 70. Ke3 Re6+ 71. Kf2 Ng3
72. Rd2 Re5 73. Rc2 f4 74. Rd2 Re2+ 75. Rxe2 Nxe2 76. Kf1 h3 77. gxh3 Kh4 78.
Kg2 Nd4 79. Kh2 Ne6 80. Kg2 Ng5 81. Kf2 Nxh3+ 82. Kg2 Ng5 83. Kf2 Kh3 84. Ke2
Kg2 85. Kd3 Kxf3 86. Kd4 Kg2 87. Ke5 f3 88. Kd5 f2 89. Kc4 f1=Q+ 90. Kc5 Qb1
91. Kc4 Kf3 92. Kd5 Ne4 93. Ke5 Qd3 94. Ke6 Qd6+ 95. Kf7 Kf4 96. Ke8 Ke5 97.
Kf7 Nf6 98. Kg6 Qe6 99. Kg5 Qg8+ 100. Kh6 Qh7+ 101. Kg5 Qh5# 0-1

[Event "?"]
[Site "ICS Rated Blitz match, 164.58"]
[Date "1997.??.??"]
[Round "?"]
[White "Brause"]
[Black "BauttuaB"]
[Result "0-1"]
[WhiteElo "2330"]
[BlackElo "2205"]
[PlyCount "144"]

1. e4 e5 2. Nf3 Nc6 3. Nc3 Nf6 4. Nxe5 Nxe5 5. d4 Ng6 6. e5 Ng8 7. Bc4 d5 8.
Nxd5 N8e7 9. Nf4 Nxf4 10. Bxf4 Nd5 11. Qf3 Nxf4 12. Qxf4 Be6 13. Bxe6 fxe6 14.
Qe4 c6 15. c3 Be7 16. Qg4 Qd5 17. f3 g6 18. O-O O-O 19. Rf2 c5 20. Re2 c4 21.
Qe4 Rfd8 22. Rd1 b5 23. Kf2 a5 24. Qxd5 Rxd5 25. Ke3 b4 26. Rc1 b3 27. axb3
cxb3 28. Rd2 a4 29. c4 Rdd8 30. Ke4 Bb4 31. Rd3 Rdc8 32. c5 Rd8 33. Rc4 Rab8
34. Rc1 Ba5 35. g3 Kf7 36. Rdd1 Rb4 37. f4 Rd5 38. Rd2 Bd8 39. Rd3 Ke7 40. c6
Bc7 41. Rd2 Kd8 42. Rc3 Bb6 43. c7+ Bxc7 44. Rc6 Kd7 45. Ra6 Bb6 46. Re2 Rbxd4+
47. Kf3 Kc6 48. Ra8 Rd8 49. Rxd8 Rxd8 50. Kg4 h6 51. h4 Rd3 52. Rh2 h5+ 53. Kg5
Rxg3+ 54. Kh6 Bd4 55. Kg7 a3 56. bxa3 b2 57. Rxb2 Bxb2 58. Kf7 Kd7 59. a4 Bc3
60. Kg7 Ke7 61. a5 Bxa5 62. Kg8 Bb4 63. Kg7 Bd2 64. Kh6 Bxf4+ 65. Kh7 Bxe5 66.
Kg8 g5 67. Kh7 Kf7 68. Kh6 Bf6 69. Kh7 gxh4 70. Kh6 Rg5 71. Kh7 Rg8 72. Kh6
Rh8# 0-1

[Event "?"]
[Site "ICS Rated Blitz match, 164.58"]
[Date "1997.??.??"]
[Round "?"]
[White "Brause"]
[Black "Kopone"]
[Result "1-0"]
[WhiteElo "2345"]
[BlackElo "2770"]
[PlyCount "73"]

1. e4 e5 2. Nf3 Nc6 3. Nc3 Nf6 4. Nxe5 Nxe5 5. d4 Nc6 6. d5 Ne5 7. f4 Ng6 8. e5
Nxd5 9. Nxd5 Bc5 10. b4 Bb6 11. Nxb6 axb6 12. Bd3 d6 13. O-O dxe5 14. Bb2 O-O
15. Bxg6 fxg6 16. Bxe5 Be6 17. Qxd8 Rfxd8 18. Bxc7 Rdc8 19. Bxb6 Rxc2 20. a4
Ra6 21. a5 Rb2 22. Rab1 Rxb1 23. Rxb1 Bf5 24. Rc1 Ra8 25. Rc7 Be4 26. Bd4 Kf8
27. Bxg7+ Ke8 28. Bf6 Bc6 29. Rxh7 Kf8 30. Rh8+ Kf7 31. Rxa8 Kxf6 32. a6 bxa6
33. Rxa6 Kf5 34. Rxc6 Kxf4 35. b5 Ke5 36. Rxg6 Kd5 37. b6 1-0

[Event "?"]
[Site "ICS Rated Blitz match, 164.58"]
[Date "1997.??.??"]
[Round "?"]
[White "Brause"]
[Black "oldtimer"]
[Result "1-0"]
[WhiteElo "2320"]
[BlackElo "2125"]
[PlyCount "63"]

1. e4 e5 2. Nf3 Nc6 3. Nc3 Nf6 4. Nxe5 Nxe5 5. d4 Ng6 6. e5 Ng8 7. Bc4 d5 8.
Nxd5 N8e7 9. Ne3 c6 10. O-O Be6 11. Bxe6 fxe6 12. c3 Qd7 13. Nc4 Nd5 14. Bg5 h6
15. Be3 Qf7 16. Qa4 b5 17. Qa6 Qd7 18. Na5 Nge7 19. a4 Nc7 20. Qb7 bxa4 21.
Rxa4 Qc8 22. Qxc8+ Rxc8 23. Nb7 Nb5 24. c4 Rb8 25. Nc5 Nc7 26. Rxa7 Kd8 27. Bd2
Nc8 28. Rxc7 Kxc7 29. Ba5+ Nb6 30. Na6+ Kc8 31. Nxb8 Nxc4 32. Nxc6 1-0

[Event "?"]
[Site "ICS Rated Blitz match, 164.58"]
[Date "1997.??.??"]
[Round "?"]
[White "Brause"]
[Black "ThingOne"]
[Result "1-0"]
[WhiteElo "2330"]
[BlackElo "2285"]
[PlyCount "147"]

1. e4 e5 2. Nf3 Nc6 3. Nc3 Nf6 4. Nxe5 Nxe5 5. d4 Nc6 6. d5 Ne5 7. f4 Ng6 8. e5
Ng8 9. d6 Qh4+ 10. g3 Qd8 11. Nb5 cxd6 12. exd6 Bxd6 13. Nxd6+ Kf8 14. Bg2 Qb6
15. c3 N8e7 16. Qd4 Qxd4 17. cxd4 Nc6 18. d5 Nd4 19. O-O Ne2+ 20. Kh1 Nxc1 21.
Re1 Ne7 22. Raxc1 g6 23. Rc7 Rb8 24. Nxc8 Nxc8 25. Rxd7 Kg7 26. d6 Nb6 27. Rc7
Rbd8 28. Rd1 Rhe8 29. Rxb7 Re2 30. Rxa7 Nc8 31. Bf3 Rc2 32. Ra6 Rd7 33. b4 Rf2
34. Rd3 Kf8 35. Ra8 Rc2 36. Bd1 Rc1 37. Kg2 Kg7 38. Ba4 Nb6 39. Bxd7 Nxa8 40.
Be6 Nb6 41. d7 Nxd7 42. Rxd7 h5 43. Bxf7 Kf6 44. Bb3 Kf5 45. Rf7+ Ke4 46. Rf6
Rc3 47. Rxg6 Rc8 48. Rg5 Rh8 49. b5 Kd3 50. Kf3 Kc3 51. Re5 Kd4 52. h4 Rh7 53.
Bg8 Rg7 54. Rg5 Re7 55. Rd5+ Kc3 56. Rxh5 Re8 57. Bb3 Re1 58. b6 Re7 59. Rc5+
Kd3 60. a4 Kd2 61. Rc2+ Kd3 62. a5 Rb7 63. Rc6 Re7 64. a6 Re3+ 65. Kg4 Kd2 66.
a7 Re7 67. a8=Q Rg7+ 68. Kh5 Ke3 69. Qe8+ Kd3 70. Qd8+ Rd7 71. Qxd7+ Ke2 72.
Rc2+ Ke1 73. Qd2+ Kf1 74. Rc1# 1-0

[Event "?"]
[Site "ICS Rated Blitz match, 164.58"]
[Date "1997.??.??"]
[Round "?"]
[White "Brause"]
[Black "oldtimer"]
[Result "0-1"]
[WhiteElo "2355"]
[BlackElo "2145"]
[PlyCount "142"]

1. e4 e5 2. Nf3 Nc6 3. Nc3 Nf6 4. Nxe5 Nxe5 5. d4 Ng6 6. e5 Ng8 7. Bc4 d5 8.
Nxd5 Be6 9. Ne3 Bxc4 10. Nxc4 c5 11. d5 b5 12. Na3 Nxe5 13. O-O Bd6 14. Qe2 Ne7
15. Qxb5+ Qd7 16. Qxd7+ Kxd7 17. c4 Nd3 18. b3 Be5 19. Rb1 Nxc1 20. Rfxc1 Nf5
21. b4 Rhc8 22. bxc5 Rxc5 23. Rb7+ Bc7 24. Nb5 Nd6 25. Rxc7+ Rxc7 26. Nxc7 Kxc7
27. c5 Ne4 28. Rc4 Nf6 29. Rf4 Rd8 30. d6+ Kc6 31. g4 h6 32. h4 Rf8 33. Ra4
Kxc5 34. g5 hxg5 35. hxg5 Nd7 36. Rxa7 Kxd6 37. f4 Rc8 38. Kf2 Rc3 39. a4 Rc7
40. Ra8 Nc5 41. Ke3 g6 42. Kf3 Rc6 43. Ra7 Ke6 44. a5 Ra6 45. Rxa6+ Nxa6 46.
Ke4 Nc7 47. Ke3 Kd5 48. Kf3 Kd4 49. f5 Ke5 50. fxg6 fxg6 51. Ke3 Kd5 52. Kf3
Kd4 53. Kg3 Ke3 54. Kg4 Ke4 55. Kg3 Kf5 56. Kh4 Kf4 57. Kh3 Kxg5 58. Kg3 Kf5
59. Kf3 g5 60. Kg3 g4 61. Kg2 Kf4 62. Kf2 g3+ 63. Kg2 Kg4 64. a6 Nxa6 65. Kg1
Kf3 66. Kh1 g2+ 67. Kg1 Nc5 68. Kh2 Kf2 69. Kh3 g1=Q 70. Kh4 Qg6 71. Kh3 Qh5#
0-1

[Event "?"]
[Site "ICS Rated Blitz match, 164.58"]
[Date "1997.??.??"]
[Round "?"]
[White "Brause"]
[Black "oldtimer"]
[Result "1-0"]
[WhiteElo "2360"]
[BlackElo "2140"]
[PlyCount "59"]

1. e4 e5 2. Nf3 Nc6 3. Nc3 Nf6 4. Nxe5 Nxe5 5. d4 Ng6 6. e5 Ng8 7. Bc4 d5 8.
Bxd5 Bb4 9. Qf3 Qd7 10. Bxb7 Bxb7 11. Qxb7 Bxc3+ 12. bxc3 Rd8 13. Rb1 N8e7 14.
O-O O-O 15. Ba3 Rfe8 16. Qxa7 Ra8 17. Qc5 Qf5 18. Rb7 Nf4 19. Bc1 Nxg2 20. Qxc7
Nh4 21. e6 Nf3+ 22. Kh1 fxe6 23. Rb2 Nd5 24. Qg3 Rac8 25. Bh6 g6 26. Rb3 Rxc3
27. Rxc3 Nxc3 28. Qc7 Qf7 29. Qxc3 Qf5 30. d5 1-0

[Event "?"]
[Site "ICS Rated Blitz match, 164.58"]
[Date "1997.??.??"]
[Round "?"]
[White "Brause"]
[Black "albertpinto"]
[Result "1-0"]
[WhiteElo "2375"]
[BlackElo "1910"]
[PlyCount "151"]

1. e4 e5 2. Nf3 Nc6 3. Nc3 Nf6 4. Nxe5 Nxe5 5. d4 Ng6 6. e5 Ng8 7. Bc4 d5 8.
Bxd5 N8e7 9. Bb3 c6 10. Ne4 Nd5 11. Bg5 Be7 12. Nd6+ Kf8 13. Bxe7+ Qxe7 14. O-O
Be6 15. Bxd5 cxd5 16. f4 Nh4 17. Qd3 g6 18. Qb3 b6 19. Rae1 Nf5 20. Nxf5 gxf5
21. Rf3 Rg8 22. Rh3 Rg7 23. Qd3 Kg8 24. Re2 Kh8 25. c3 Rag8 26. Rh6 Rg6 27. Rh3
Qf8 28. Qd2 Rh6 29. Qe3 Qg7 30. Rxh6 Qxh6 31. Qf3 Qg6 32. Qd3 h5 33. a3 h4 34.
Kh1 Qg4 35. Rf2 Rg6 36. Qf1 Bd7 37. Rf3 a6 38. h3 Qh5 39. Qxa6 Rg3 40. Rxg3
hxg3 41. Qf1 Bb5 42. Qe1 Qh4 43. Qe3 Bd7 44. Kg1 Be6 45. Kf1 Bd7 46. Ke2 Bb5+
47. Kf3 Ba4 48. Qd3 Kg7 49. Qxf5 Bd1+ 50. Ke3 Qh6 51. Qg5+ Qxg5 52. fxg5 Kg6
53. Kf4 Be2 54. h4 Bd3 55. Kg4 Be4 56. h5+ Kg7 57. Kxg3 b5 58. Kf2 Bc2 59. Ke3
Bd1 60. h6+ Kg6 61. e6 fxe6 62. Kf4 Be2 63. g3 Bd3 64. b3 Kf7 65. a4 bxa4 66.
bxa4 Ke7 67. a5 Kd7 68. a6 Kc7 69. Ke5 Kb6 70. Kf6 Kxa6 71. g6 Bxg6 72. Kxg6
Kb5 73. Kf7 Kc4 74. h7 Kxc3 75. h8=Q Kc4 76. g4 1-0

[Event "?"]
[Site "ICS Rated Blitz match, 164.58"]
[Date "1997.??.??"]
[Round "?"]
[White "Brause"]
[Black "oldtimer"]
[Result "1-0"]
[WhiteElo "2365"]
[BlackElo "2135"]
[PlyCount "83"]

1. e4 e5 2. Nf3 Nc6 3. Nc3 Nf6 4. Nxe5 Nxe5 5. d4 Ng6 6. e5 Ng8 7. Bc4 Bb4 8.
Qf3 Qe7 9. O-O Bxc3 10. bxc3 Nh6 11. g3 O-O 12. Qh5 Kh8 13. Bxh6 gxh6 14. f4 f5
15. Qxh6 Qg7 16. Qxg7+ Kxg7 17. Rae1 c6 18. Bb3 b5 19. c4 bxc4 20. Bxc4 Rb8 21.
Rb1 Rxb1 22. Rxb1 Ne7 23. Rb8 Nd5 24. Bxd5 cxd5 25. Rb5 Rf7 26. Kf2 d6 27. Rxd5
Rc7 28. exd6 Rxc2+ 29. Ke3 Rxa2 30. d7 Bxd7 31. Rxd7+ Kg6 32. d5 a5 33. Ra7 a4
34. d6 Ra1 35. Kd4 a3 36. d7 Rd1+ 37. Ke5 a2 38. Rxa2 Rxd7 39. Ra6+ Kg7 40.
Kxf5 Rd2 41. Ra7+ Kg8 42. h4 1-0

[Event "?"]
[Site "ICS Rated Blitz match, 164.58"]
[Date "1997.??.??"]
[Round "?"]
[White "Brause"]
[Black "tabanli"]
[Result "1-0"]
[WhiteElo "2345"]
[BlackElo "1940"]
[PlyCount "33"]

1. e4 e5 2. Nf3 Nc6 3. Nc3 Nf6 4. Nxe5 Nxe5 5. d4 Ng6 6. e5 Ng8 7. Bc4 d6 8.
Qf3 Qd7 9. O-O Qg4 10. Qxf7+ Kd8 11. Nb5 N8e7 12. exd6 cxd6 13. Nxd6 Qd7 14.
Nxc8 Rxc8 15. c3 Kc7 16. Be6 Qd6 17. f4 1-0

[Event "?"]
[Site "ICS Rated blitz match, 192.23"]
[Date "1997.??.??"]
[Round "?"]
[White "Brause"]
[Black "Zipferlak"]
[Result "0-1"]
[WhiteElo "2485"]
[BlackElo "2600"]
[PlyCount "123"]

1. e4 e5 2. Nf3 Nc6 3. Nc3 Nf6 4. Nxe5 Nxe5 5. d4 Nc6 6. d5 Nb8 7. e5 Ng8 8. d6
Nc6 9. Nb5 cxd6 10. exd6 Qf6 11. Nc7+ Kd8 12. Nxa8 Bxd6 13. c3 Nge7 14. Qf3
Qxf3 15. gxf3 b6 16. Rg1 g6 17. Be3 Nd5 18. O-O-O Nxe3 19. fxe3 Bc5 20. Re1 Bb7
21. b4 Be7 22. Nxb6 axb6 23. Be2 Kc7 24. e4 Bd6 25. h4 h5 26. Rd1 Bf4+ 27. Kb2
Ne5 28. Kc2 Rd8 29. c4 Nc6 30. a3 Be5 31. Rd2 Bf6 32. Rh1 d6 33. Rh3 Nd4+ 34.
Kd1 Ra8 35. Ra2 Bc6 36. Kd2 Bd7 37. Rh2 Be6 38. a4 b5 39. a5 bxc4 40. Kc1 c3
41. Ra3 Nxe2+ 42. Rxe2 Bc4 43. Rc2 Kc6 44. f4 Bd4 45. Ra1 Kb5 46. e5 dxe5 47.
fxe5 Bxe5 48. Rf2 f5 49. Kc2 Kxb4 50. Rb1+ Kc5 51. Ra1 Ra6 52. Rf3 Bd5 53.
Rxc3+ Bxc3 54. Kxc3 f4 55. Ra4 f3 56. Ra1 f2 57. Rf1 Rf6 58. a6 Kb6 59. a7 Kxa7
60. Kd4 Bg2 61. Ra1+ Kb6 62. Rb1+ 0-1

[Event "?"]
[Site "ICS Rated blitz match, 192.23"]
[Date "1997.??.??"]
[Round "?"]
[White "Brause"]
[Black "KingLopez"]
[Result "1-0"]
[WhiteElo "2530"]
[BlackElo "2070"]
[PlyCount "47"]

1. e4 e5 2. Nf3 Nc6 3. Nc3 Nf6 4. Nxe5 Nxe5 5. d4 Ng6 6. e5 Ng8 7. Bc4 Bb4 8.
Qf3 Bxc3+ 9. bxc3 Qe7 10. O-O Nh6 11. g3 O-O 12. Qh5 c6 13. Bxh6 gxh6 14. Qxh6
Re8 15. Qe3 b5 16. Bb3 a5 17. a4 Ba6 18. axb5 Bxb5 19. c4 a4 20. cxb5 axb3 21.
Qxb3 cxb5 22. Qxb5 f6 23. Rxa8 Rxa8 24. Qd5+ 1-0

[Event "?"]
[Site "ICS Rated blitz match, 192.23"]
[Date "1997.??.??"]
[Round "?"]
[White "Brause"]
[Black "scorpiocy"]
[Result "1-0"]
[WhiteElo "2565"]
[BlackElo "2420"]
[PlyCount "75"]

1. e4 e5 2. Nf3 Nc6 3. Nc3 Nf6 4. Nxe5 Nxe5 5. d4 Nxe4 6. Nxe4 Nc6 7. d5 Ne5 8.
Be2 Be7 9. d6 Bf6 10. dxc7 Qxc7 11. Nxf6+ gxf6 12. Bh6 d6 13. O-O Be6 14. Bb5+
Nc6 15. Bg7 Rg8 16. Bxf6 Rg6 17. Qf3 Kd7 18. Bd3 Rg4 19. h3 Rgg8 20. Bxh7 Rge8
21. Rad1 Qb6 22. Qe3 Qb5 23. Qa3 Qb4 24. Qxb4 Nxb4 25. Rd4 Nc6 26. Rd2 Kc7 27.
Rfd1 Nb4 28. a3 Nd5 29. Rxd5 Bxd5 30. Rxd5 Re1+ 31. Kh2 Re2 32. f3 Rae8 33. Bd3
Re1 34. h4 R8e6 35. Rf5 b6 36. Bc3 Rb1 37. Rxf7+ Kb8 38. g4 1-0

[Event "?"]
[Site "ICS Rated blitz match, 192.23"]
[Date "1997.??.??"]
[Round "?"]
[White "Brause"]
[Black "xypher"]
[Result "1-0"]
[WhiteElo "2600"]
[BlackElo "2490"]
[PlyCount "96"]

1. e4 e5 2. Nf3 Nc6 3. Nc3 Nf6 4. Nxe5 Nxe5 5. d4 Nc6 6. d5 Ne5 7. f4 Ng6 8. e5
Ng8 9. d6 cxd6 10. exd6 Qh4+ 11. g3 Qf6 12. Nb5 Kd8 13. Be3 b6 14. Nxa7 Qxb2
15. Rb1 Qxa2 16. Bxb6+ Ke8 17. Nb5 Rb8 18. Nc7+ Kd8 19. Ra1 Qb2 20. Ba5 Bb7 21.
Nb5+ Ke8 22. Qe2+ N8e7 23. Nc7+ Kd8 24. dxe7+ Bxe7 25. Nb5+ Ke8 26. Bc3 Qxa1+
27. Bxa1 Bxh1 28. f5 Kf8 29. fxg6 Bb4+ 30. c3 hxg6 31. cxb4 Re8 32. Be5 f6 33.
Kd2 Rxe5 34. Qf2 Rf5 35. Qg1 Bc6 36. Nc3 g5 37. b5 Bf3 38. b6 Re5 39. Bg2 Bxg2
40. Qxg2 Ke7 41. Kd3 Rb8 42. Nd5+ Kd6 43. Ne3 Ke7 44. Nc4 Rb5 45. Qa2 Rd8 46.
Qa7 Ke6 47. b7 d6 48. Nb6 g6 1-0

[Event "?"]
[Site "ICS Rated blitz match, 192.23"]
[Date "1997.??.??"]
[Round "?"]
[White "Brause"]
[Black "scorpiocy"]
[Result "1-0"]
[WhiteElo "2590"]
[BlackElo "2410"]
[PlyCount "57"]

1. e4 e5 2. Nf3 Nc6 3. Nc3 Nf6 4. Nxe5 Nxe4 5. Nxc6 Nxc3 6. dxc3 bxc6 7. Bd3
Be7 8. Qh5 d5 9. Bf4 Bd6 10. Bxd6 Qxd6 11. O-O Be6 12. c4 O-O-O 13. cxd5 cxd5
14. Qg5 f6 15. Qxg7 Rhg8 16. Qh6 Rg5 17. f4 Rg4 18. Rae1 Rdg8 19. g3 Bd7 20.
Qxh7 d4 21. Bf5 Bxf5 22. Qxf5+ Kb8 23. Re6 Qb4 24. Rfe1 d3 25. Re8+ Kb7 26.
Qc8+ Kb6 27. R1e6+ Qd6 28. Rxd6+ cxd6 29. Rxg8 1-0

[Event "?"]
[Site "ICS Rated blitz match, 192.23"]
[Date "1997.??.??"]
[Round "?"]
[White "Brause"]
[Black "scorpiocy"]
[Result "1-0"]
[WhiteElo "2600"]
[BlackElo "2405"]
[PlyCount "51"]

1. e4 e5 2. Nf3 Nf6 3. Nc3 Nc6 4. Nxe5 Nxe5 5. d4 Bd6 6. dxe5 Bxe5 7. Bd3 O-O
8. O-O d6 9. Ne2 Bg4 10. f3 Bh5 11. g4 Nxg4 12. fxg4 Bxg4 13. Qe1 Qd7 14. Nf4
f5 15. Qe3 fxe4 16. Qxe4 Bf5 17. Qxb7 Rab8 18. Qd5+ Kh8 19. c3 c6 20. Qf3 d5
21. Ng2 Bxh2+ 22. Kxh2 Qd6+ 23. Bf4 Bxd3 24. Bxd6 Rxf3 25. Rxf3 h6 26. Bxb8 1-0

[Event "?"]
[Site "ICS Rated blitz match, 192.23"]
[Date "1997.??.??"]
[Round "?"]
[White "Brause"]
[Black "agro"]
[Result "1-0"]
[WhiteElo "2630"]
[BlackElo "2470"]
[PlyCount "95"]

1. e4 e5 2. Nf3 Nc6 3. Nc3 Nf6 4. Nxe5 Nxe5 5. d4 Nc6 6. d5 Ne5 7. f4 Ng6 8. e5
Ng8 9. d6 cxd6 10. exd6 Qf6 11. Nb5 Kd8 12. Be3 b6 13. Qd5 Qe6 14. Qxa8 Qxe3+
15. Kd1 Bxd6 16. Nxa7 N8e7 17. g3 Qd4+ 18. Kc1 Qd5 19. Qxd5 Nxd5 20. Nxc8 Kxc8
21. Bc4 Ne3 22. Bxf7 Bc5 23. Kd2 Nf5 24. Bxg6 hxg6 25. Kd3 d5 26. a3 Be7 27.
Rae1 Bf6 28. c3 Rd8 29. g4 Bh4 30. gxf5 Bxe1 31. Rxe1 gxf5 32. Re5 Rh8 33. Rxd5
Rxh2 34. Rxf5 Rxb2 35. Rf8+ Kd7 36. Rf7+ Ke6 37. Rxg7 Ra2 38. Rg6+ Kf5 39. Rxb6
Rxa3 40. Rb4 Ra1 41. Rd4 Rd1+ 42. Kc4 Rxd4+ 43. Kxd4 Kxf4 44. Kd5 Kf5 45. c4
Kf6 46. c5 Ke7 47. c6 Kd8 48. Kd6 1-0

[Event "?"]
[Site "ICS Rated blitz match, 192.23"]
[Date "1997.??.??"]
[Round "?"]
[White "Brause"]
[Black "constrictor"]
[Result "1-0"]
[WhiteElo "2625"]
[BlackElo "2255"]
[PlyCount "65"]

1. e4 e5 2. Nf3 Nc6 3. Nc3 Nf6 4. Nxe5 Nxe5 5. d4 Nc6 6. d5 Ne7 7. e5 Nfg8 8.
d6 Nc6 9. Nb5 cxd6 10. exd6 Qf6 11. Nc7+ Kd8 12. Nxa8 Qxd6 13. Qxd6 Bxd6 14.
Bc4 Ne5 15. Be2 b6 16. Bg5+ f6 17. Be3 Bb7 18. O-O-O Bb8 19. f4 Nc6 20. Nxb6
axb6 21. Bg4 d6 22. Bxb6+ Ke8 23. Rhe1+ Nge7 24. Be6 Kf8 25. a3 g6 26. b4 Bc8
27. b5 Na7 28. Bxa7 Bxa7 29. Rxd6 Bc5 30. Rd8+ Kg7 31. Rxh8 Kxh8 32. Bxc8 Nxc8
33. Re8+ 1-0

[Event "?"]
[Site "ICS Rated blitz match, 192.23"]
[Date "1997.??.??"]
[Round "?"]
[White "Brause"]
[Black "oldtimer"]
[Result "0-1"]
[WhiteElo "2560"]
[BlackElo "2665"]
[PlyCount "91"]

1. e4 e5 2. Nf3 Nc6 3. Nc3 Nf6 4. Nxe5 Nxe5 5. d4 Ng6 6. e5 Ng8 7. Bc4 d5 8.
Bxd5 c6 9. Be4 f5 10. Bf3 Bb4 11. O-O N8e7 12. Na4 O-O 13. c3 Ba5 14. b4 Bb6
15. Qb3+ Kh8 16. Nxb6 axb6 17. Bh5 b5 18. Bg5 Qd5 19. Qc2 Be6 20. Bf3 Qd7 21.
Rfe1 Ra4 22. Re2 Nd5 23. Qc1 h6 24. Bd2 Nb6 25. a3 Kh7 26. Re1 Rfa8 27. Bd1
R4a6 28. Be2 Ne7 29. g3 Ned5 30. Rd1 Nc7 31. Bf1 Qd5 32. Bg2 Qb3 33. a4 Rxa4
34. Rb1 Qc4 35. Bf1 Qd5 36. Be3 Qd7 37. Bg2 Ncd5 38. Bd2 Ra2 39. Bf1 Ne7 40.
Re1 Bc4 41. Bg2 Qe6 42. h3 Bd3 43. Rb2 Rxb2 44. Qxb2 Qa2 45. Qc1 Qc2 46. Qxc2
0-1

[Event "?"]
[Site "ICS Rated blitz match, 192.23"]
[Date "1997.??.??"]
[Round "?"]
[White "Brause"]
[Black "oldtimer"]
[Result "1-0"]
[WhiteElo "2555"]
[BlackElo "2700"]
[PlyCount "156"]

1. e4 e5 2. Nf3 Nc6 3. Nc3 Nf6 4. Nxe5 Nxe5 5. d4 Ng6 6. e5 Ng8 7. Bc4 d5 8.
Bxd5 c6 9. Be4 f5 10. Bf3 Bb4 11. O-O N8e7 12. Ne2 Be6 13. c3 Ba5 14. Bg5 Qd7
15. Qa4 Bb6 16. g3 O-O 17. Qd1 h6 18. Be3 Bd5 19. Bh5 f4 20. Nxf4 Nxf4 21. gxf4
Qh3 22. Qg4 Qxg4+ 23. Bxg4 Nf5 24. b3 Rad8 25. a4 a6 26. Rfe1 g6 27. a5 Ba7 28.
b4 Bc4 29. Rac1 h5 30. Be2 Bxe2 31. Rxe2 Kf7 32. Kg2 Kg7 33. Rd1 Rf7 34. Rg1
Rfd7 35. Ree1 Re8 36. Kh1 Kf7 37. d5 cxd5 38. Bxa7 Ng7 39. Rg3 Re6 40. Rd3 Rc6
41. Red1 Ke6 42. Bc5 Nf5 43. Kg1 Rc8 44. Kf1 Rc6 45. R1d2 Rcc7 46. Kg2 Nh4+ 47.
Kh3 Nf5 48. f3 Rc8 49. Kg2 Nh4+ 50. Kf2 Nf5 51. Kf1 Rcc7 52. Kg2 Nh4+ 53. Kf2
Nf5 54. Rd1 Rc8 55. Rg1 Rg8 56. Kg2 Nh4+ 57. Kg3 Nf5+ 58. Kf2 Nh4 59. c4 dxc4
60. Rxd7 Kxd7 61. Rc1 Nf5 62. Rxc4 Rc8 63. Rc1 Ke8 64. Rg1 Rc6 65. Ke2 Kf7 66.
Kd3 Ng7 67. Ke4 Ne6 68. Rb1 Ng7 69. Rd1 Ke8 70. Rg1 Kf7 71. Rh1 Rc8 72. Rd1 Rc7
73. Rd6 Ne6 74. f5 gxf5+ 75. Kxf5 Nxc5 76. bxc5 Rxc5 77. Rd7+ Ke8 78. Rxb7 Rxa5
1-0